Les 25 plus gros transferts de l'histoire du foot (2024) - Statistiques

Statistiques générales
  • Ce quiz a été pris 359 fois
  • Le résultat moyen est 23 sur 25
Statistiques - réponses
Pays Montant De A Saison Joueur % Correct
France 180 M Monaco Paris SG 18/19 Kylian Mbappé
100%
Brésil 222 M Barcelone Paris SG 17/18 Neymar
100%
Brésil 90 M Paris SG Al-Hilal 23/24 Neymar
100%
Brésil 88 M Santos Barcelone 13/14 Neymar
100%
Portugal 117 M Real Madrid Juventus 19/20 Cristiano Ronaldo
97%
Portugal 94 M Manchester United Real Madrid 09/10 Cristiano Ronaldo
97%
France 135 M Dortmund Barcelone 17/18 Ousmane Dembélé
97%
France 105 M Juventus Manchester United 16/17 Paul Pogba
96%
France 120 M Atlético Barcelone 19/20 Antoine Griezmann
95%
Pays de Galles 101 M Tottenham Real Madrid 13/14 Gareth Bale
94%
Angleterre 95 M Tottenham Bayern Munich 23/24 Harry Kane
94%
Angleterre 103 M Dortmund Real Madrid 23/24 Jude Bellingham
94%
Belgique 115 M Chelsea Real Madrid 19/20 Eden Hazard
93%
Belgique 113 M Inter Chelsea 21/22 Romelu Lukaku
93%
Angleterre 117 M Aston Villa Manchester City 21/23 Jack Grealish
92%
Brésil 135 M Liverpool Barcelone 17/18 Philippe Coutinho
92%
Portugal 127 M Benfica Atlético 19/20 João Félix
91%
France 95 M Francfort Paris SG 23/24 Randal Kolo Muani
91%
Angleterre 116 M West Ham Arsenal 21/22 Declan Rice
87%
Argentine 121 M Benfica Chelsea 22/23 Enzo Fernández
87%
Brésil 95 M Ajax Manchester United 22/23 Antony
85%
Croatie 90 M Leipzig Manchester City 23/24 Josko Gvardiol
80%
Angleterre 87 M Leicester Manchester United 19/20 Harry Maguire
77%
Equateur 116 M Brighton Chelsea 23/24 Moisés Caicedo
77%
Argentine 90 M Napoli Juventus 16/17 Gonzalo Higuaín
70%
Aucun quiz correspondant
Distribution des résultats
% des personnes avec chaque résultat
Percentile par nombre de réponses
Votre historique - résultats
Vous n’avez pas pris ce quiz